书目信息 |
| 题名: |
现代基础化学
|
|
| 作者: | 朱裕贞 , 顾达 , 黑恩成 编 | |
| 分册: | 上篇 | |
| 出版信息: | 北京 化学工业出版社 1998.11 |
|
| 页数: | 370页 | |
| 开本: | 23cm | |
| 丛书名: | ||
| 单 册: | ||
| 中图分类: | O6 | |
| 科图分类: | ||
| 主题词: | 化学 | |
| 电子资源: | ||
| ISBN: | 7-5025-2036-8 | |
| 000 | 00629nam0 2200217 45 | |
| 001 | 0433765881 | |
| 005 | 2004042609224522 | |
| 010 | @a7-5025-2036-8@dCNY 32.00 | |
| 100 | @a20040426d1998 km y0chiy0120 ea | |
| 101 | 0 | @achi |
| 102 | @aCN@b110000 | |
| 200 | 1 | @a现代基础化学@AXian Dai Ji Chu Hua Xue@f朱裕贞,顾达,黑恩成编@Fzhu yu zhen,gu da,hei en cheng bian@h上篇 |
| 210 | @a北京@c化学工业出版社@d1998.11 | |
| 215 | @a370页@d23cm | |
| 606 | 0 | @a化学 |
| 690 | @aO6@v3 | |
| 701 | 0 | @a朱裕贞@Azhu yu zhen@4编 |
| 701 | 0 | @a顾达@Agu da@4编 |
| 701 | 0 | @a黑恩成@Ahei en cheng@4编 |
| 801 | 0 | @aCN@bPFT@c20040426 |
| 905 | @dO6@eZ890:2 | |
| 现代基础化学/朱裕贞,顾达,黑恩成编.上篇.-北京:化学工业出版社,1998.11 |
| 370页;23cm |
| ISBN 7-5025-2036-8:CNY 32.00 |
| ● |
| 相关链接 |
|
|
|
正题名:现代基础化学
索取号:O6/Z890:2
 
预约/预借
| 序号 | 登录号 | 条形码 | 馆藏地/架位号 | 状态 | 备注 |
| 1 | 391162 | 203911623 | 自科库401/401自科库 60排4列2层/ [索取号:O6/Z890:2] | 在馆 | |
| 2 | 391163 | 203911632 | 自科库401/401自科库 60排4列2层/ [索取号:O6/Z890:2] | 在馆 | |
| 3 | 391164 | 203911641 | 自科库401/401自科库 60排4列2层/ [索取号:O6/Z890:2] | 在馆 | |
| 4 | 391165 | 203911650 | 自科库401/401自科库 60排4列2层/ [索取号:O6/Z890:2] | 在馆 | |
| 5 | 391166 | 203911669 | 自科库401/401自科库 60排4列2层/ [索取号:O6/Z890:2] | 在馆 | |
| 6 | 391167 | 203911678 | 自科库401/401自科库 60排4列2层/ [索取号:O6/Z890:2] | 在馆 |